Национальный парк-музей "Шипка-Бузлуджа" (Запис номер 356918)
[ съкратено ]
| 000 -Лидер | |
|---|---|
| Контролно поле с фиксирана дължина | 02076nam a2200433 c 4500 |
| 003 - Код на организацията, давaща контролен номер | |
| Контролно поле | BLK |
| 005 - Дата и час на последна редакция | |
| Контролно поле | 20250119004115.0 |
| 008 - Елементи от данни с фиксирана дължина | |
| fixed length control field | 180411b bul|||||r ||||||| ||bul|| |
| 010 ## - Наследен системен номер | |
| LC control number | KNG00183893000 |
| 040 ## - Източник на каталожния запис | |
| Идентификатор на билиотеката - собственик на записа | BLK |
| 041 ## - Код за език | |
| Код за езика на текст/звукозапис или на отделно заглавие | Руски |
| Код за езика КДБФ | Руски |
| 080 ## - УДК | |
| Текстов определител УДК | Освобождение на България. Руско-турска война (1877-1878) |
| УДК код - определител по УДК | 94(497.2)"1877/1878" |
| УДК определител | (036) |
| УДК - код + определител | 94(497.2)"1877/1878"(036) |
| 100 ## - Редна дума - Автор | |
| Автор | Гочева, Маринка И. |
| Авторска отговорност | първи автор |
| R(LIN) | 406296 |
| 139 ## - Редно поле | |
| Редна дума | Гочева, Маринка И. |
| Авторски знак | Го - Г 58 |
| 245 10 - Сведения за заглавието | |
| Заглавие | Национальный парк-музей "Шипка-Бузлуджа" |
| Подзаглавни данни | Путеводитель |
| Редно поле (дума) | Маринка Гочева, Пенчо Синков, Данчо Данчев ; Пер. с болг. Татьяны Валентиновой Матвеевой |
| 257 ## - Страна на издаване | |
| Страна на създаване/издаване | България |
| 260 ## - Област на издателските данни | |
| Име на издателя, разпространителя и проч. | Медицина и физкултура |
| Година на издаване | 1986 |
| 9 (RLIN) | 209542 |
| Място на издаване, разпространение и проч. | София |
| Издателство - префикс ISBN | 978-954-420- |
| 300 ## - Физическа характеристика | |
| Страници | 48 с. |
| Илюстрации и др. | с к., 12 л. ил., портр. |
| Размери/Мащаб | 20 см |
| 380 ## - Жанр | |
| Жанр | История |
| 500 ## - Общи забележки | |
| Забележка | Ориг. загл. Национален парк-музей "Шипка-Бузлуджа"<br/>Авт. не са отбелязани на кор<br/>10 117 тир |
| 650 #4 - Допълнително описание по предмет – тема | |
| Основно описание – тема или топоним | Шипка, храм-паметник |
| 9 (RLIN) | 303237 |
| 650 #4 - Допълнително описание по предмет – тема | |
| Основно описание – тема или топоним | Шипченски боеве 1877 |
| 9 (RLIN) | 319346 |
| 650 #4 - Допълнително описание по предмет – тема | |
| Основно описание – тема или топоним | Българско опълчение - паметници |
| 9 (RLIN) | 307126 |
| 650 #0 - Допълнително описание по предмет – тема | |
| Основно описание – тема или топоним | България - история |
| 9 (RLIN) | 244493 |
| 651 #4 - Допълнително описание по предмет - топоним | |
| Географско понятие | Шипка |
| 9 (RLIN) | 179803 |
| 653 ## - Ключова дума – ненормативна | |
| Ключова дума | Шипка |
| 653 ## - Ключова дума – ненормативна | |
| Ключова дума | Храм-паметник |
| 653 ## - Ключова дума – ненормативна | |
| Ключова дума | Руско-турска освободителна война 1877-1878 |
| 653 ## - Ключова дума – ненормативна | |
| Ключова дума | пътеводители |
| 700 ## - Други автори (авторска отговорност) | |
| Лично име | Данчев, Данчо В. |
| Автороска отговорност (Описва отношението между автора и произведението) | съавт. |
| 9 (RLIN) | 406303 |
| 700 ## - Други автори (авторска отговорност) | |
| Лично име | Синков, Пенчо Ив. |
| Автороска отговорност (Описва отношението между автора и произведението) | съавт. |
| 9 (RLIN) | 1445 |
| 700 ## - Други автори (авторска отговорност) | |
| Лично име | Матвеева, Татяна Валентинова |
| Автороска отговорност (Описва отношението между автора и произведението) | пер. с болг. |
| 9 (RLIN) | 281352 |
| 852 ## - Местоположение | |
| Форматна сигнатура | Цб 142416 |
| Фондова буква | Хранилище |
| 856 4# - Електронен адрес и достъп | |
| Електронен формат | pdf - файл |
| 856 4# - Електронен адрес и достъп | |
| Електронен формат | pdf - файл |
| 999 ## - СИСТЕМНИ КОНТРОЛНИ НОМЕРА | |
| Koha biblionumber | 356918 |
| Koha biblioitemnumber | 356918 |
| 942 ## - АРТИКУЛИ | |
| Вид на библиотечния материал | Книги |
| Скрит в OPAC | Не |
| Периодичен библиозапис | Да |
| 944 ## - СЪЗДАВАНЕ И РЕДАКЦИЯ на ЗАПИСА | |
| Създаване/Редакция | Създаване |
| Дата на регистрацията/редакция | 2020-04-23 |
| Служител, извършил регистрацията/редакцията | |
| Статус, дата на статуса | CRON CRON |
| 999 ## - СИСТЕМНИ КОНТРОЛНИ НОМЕРА | |
| Koha biblioitemnumber | 356918 |
| Код за отписване | Код за изгубен артикул | Източник на класификационната схема | Код за повреда | Коз за рестрикции | Код за отдаване | Артикулен № | Име на библиотеката - собственик | Име на библиотеката, в която се намира в момента | Статус (Текущо местоположение) | Дата на вписване в системата | Местоположение - отдел | Цена в лева | Инвентарен номер | Систематично азбучна сигнатура | Баркод | Цена в евро | Служебен тип на артикула |
|---|---|---|---|---|---|---|---|---|---|---|---|---|---|---|---|---|---|
| Не е изгубен | Universal Decimal Classification | Не е повреден | само за читалня | ползва се в читалня | 764382 | Регионална библиотека "Любен Каравелов" Русе | Регионална библиотека "Любен Каравелов" Русе | Хранилище | 2020-04-24 | Хранилище | 0.45 | 451097 | Цб 142416 | 120000451097 | 0.23 | Книги |